Quantitative and qualitative variations in resin content and guayulins (A and B) among different guayule cultivars (Record no. 66192)

MARC details
000 -LEADER
fixed length control field 01838nam a2200193Ia 4500
100 ## - MAIN ENTRY--AUTHOR NAME
Personal name Behl H M
245 #0 - TITLE STATEMENT
Title Quantitative and qualitative variations in resin content and guayulins (A and B) among different guayule cultivars
260 ## - PUBLICATION, DISTRIBUTION, ETC. (IMPRINT)
Name of publisher Journal of Agricultural and Food Chemistry
Year of publication 1995
300 ## - PHYSICAL DESCRIPTION
Number of Pages 2012-2015
500 ## - GENERAL NOTE
General note Source Year: 1996
520 ## - SUMMARY, ETC.
Summary, etc Guayule (Parthenium argentatum) has substantial quantities of resin which is often discarded after rubber extraction. Resin from 13 cultivars of guayule from India was analysed for its qualitative and quatitative variations. The stem had 6.15;resin followed by the roots (5.91;), branches (5;), leaves (3;), and flowers (3.06;). The resin percentage varied significantly among the cultivars. it varied from 10.7;in cv. USDA 10 to 5.5;in UCR 1; however, resin synthesis and biomass of the shrub had poor correlation. Guayulins (sesquiterpene cinnamic acid esters) were analysed by HPLC. The composition of guayulins varied among cultivars. Guayulin A was in the range 0.27-3.7g/plant, the lowest being in USS 2X and the highest in USDA 17. Regression analysis between resin yield and guaylin A as well as guaylin B per plant showed poor correlation. Guaylin A dominated over guaylin B in all plant parts analysed. Variation in resin percentage and guyalin composition in different cultivars may be due to differences in the origin of the cultivars and not necessarily due to temperature or other environmental factors. Resin synthesis appears to be independent of rubber synthesis and is not influenced by temperature minima, which is obligatory for cis-polyisoprene biosynthesis
650 ## - SUBJECT ADDED ENTRY--TOPICAL TERM
Topical Term Guayule cultivars
650 ## - SUBJECT ADDED ENTRY--TOPICAL TERM
Topical Term Resin content
700 ## - ADDED ENTRY--PERSONAL NAME
Personal name Ratti N
700 ## - ADDED ENTRY--PERSONAL NAME
Personal name Sidhu O P
856 ## - ELECTRONIC LOCATION AND ACCESS
Uniform Resource Identifier AEDR
942 ## - ADDED ENTRY ELEMENTS (KOHA)
Koha item type Journals
Holdings
Withdrawn status Lost status Damaged status Not for loan Home library Current library Shelving location Date acquired Serial Enumeration / chronology Koha item type
      Journals RRII Library RRII Library Rubber general 17/12/2021 Volume 43, Issue 8 Journals